|
|
|
|
| LEADER |
00000nam a2200000 a 4500 |
| 001 |
vtls011756460 |
| 003 |
SK-MaSNL |
| 005 |
20260301142311.0 |
| 008 |
251112s1652 gw 001 0 lat |
| 015 |
|
|
|a SNBHFA1652
|
| 035 |
|
|
|a urn:nbn:sk:snk-am00dwzc
|
| 035 |
|
|
|a urn:nbn:sk:snk-am3i84g
|
| 035 |
|
|
|a D6A95544-493F-4CC9-9E7C-53433233CEC4
|
| 040 |
|
|
|a SNKHF
|b slo
|c SNK
|e AACR2
|
| 041 |
0 |
|
|a lat
|
| 044 |
|
|
|a gw
|c DE
|
| 072 |
|
7 |
|a 2
|x Náboženstvo
|2 konspekt
|
| 072 |
|
7 |
|a 27
|x Kresťanstvo. Kresťanská cirkev všeobecne. Ekleziológia
|2 konspekt
|
| 080 |
|
|
|a 21/29-1/-9
|2 2011
|
| 080 |
|
|
|a 27
|2 2011
|
| 080 |
|
|
|a 274/279-1
|2 2011
|
| 080 |
|
|
|a 378.245
|2 2001
|
| 100 |
1 |
|
|a Calov, Abraham,
|d 1612-1686
|4 aut
|9 288500
|
| 245 |
1 |
0 |
|a I. N. J. Socinismus Profligatus Hoc est, Errorum Socinianorum Luculenta Confutatio
|b Disputationibus XXIX. Publicis In Electoral Vviteberg, Universitate
|c Autore Abraham Calovio, Ss. Theol. [...]
|
| 260 |
|
|
|a Witebergae
|b Ex Officina Michael Wendt
|c Anno M DC LII [=1652]
|
| 300 |
|
|
|a 1122 strán
|c 20 cm
|
| 500 |
|
|
|a Typografické linky, iniciálky s ornamentálnym pozadím na 6-8 r., živé záhlavie, vinerta, kustódy
|
| 501 |
|
|
|a Príväzok 32. k: SCHARFF, Johann. Calvinismi Excussio sive Exercitationes Anticalvinianae De fundamentalibus male-Reformatorum erroribus. Wittenbergae : Typis & Sumptibus Johannis Röhneri Acad. Typogr., 1655.
|5 SNK ID 100231
|
| 504 |
|
|
|a Tlačené marginálie
|
| 508 |
|
|
|a Obsahuje index záverečných prác
|
| 508 |
|
|
|a Dedikácia: Dn. Johanni Georgio Saxoniae, Juliae [...] ; Friderico Wilhelmo, Saxoniae, Juliae [...]
|
| 546 |
|
|
|a Latinčina
|b Antikva
|b Kurzíva
|
| 546 |
|
|
|a Nemčina
|b Kurzíva
|
| 561 |
|
|
|a Z knižnice Učenej spoločnosti malohontskej.
|5 SNK ID 100231/prív.32
|
| 563 |
|
|
|a Pergamenová väzba.
|5 SNK ID 100231/prív.32
|
| 650 |
0 |
7 |
|a dizertácie
|2 SNKPH
|9 4040
|
| 650 |
0 |
7 |
|a evanjelická teológia
|2 SNKPH
|9 4016
|
| 700 |
0 |
|
|a Friedrich Wilhelm
|b II.,
|c sasko-altenburské knieža,
|d 1603-1669
|4 hnr
|9 173725
|
| 700 |
1 |
|
|a Johann Georg
|b I.,
|c saský kurfirst,
|d 1585-1656
|4 hnr
|9 351420
|
| 710 |
2 |
|
|a Učená spoločnosť malohontská
|4 fmo
|9 205374
|
| 710 |
0 |
|
|a Wend, Michael (Wittenberg, Nemecko)
|4 prt
|9 497686
|
| 752 |
|
|
|a Nemecko
|d Wittenberg
|
| 852 |
|
|
|a snk
|b Historické fondy
|p ID 100231/prív.32
|
| 958 |
|
|
|a ONDV
|
| 999 |
|
|
|c 769784
|d 771714
|
| 952 |
|
|
|t MHC II.B.e.93
|a SNK
|b SNK
|c SNK_HF
|y PREZ
|7 0
|p 17A1300787
|o snkID 100231/prív.32
|i snk2018/10000
|8 5
|0 0
|1 0
|4 0
|d 2018-05-16
|f 1
|l 0
|r 2026-02-24 00:31:31
|w 2026-02-24
|